000 00357nam a2200145Ia 4500
008 151213s9999 xx 000 0 und d
100 _aJodunath Sarkar
245 _aThe history of Bengal
_cJodunath Sarkar
260 _aDhaka
_bUniversity of Dhaka
300 _a984 p.
650 _aHistory
650 _aHistory
700 _aJodunath Sarkar
999 _c994
_d994